1996 Specialized Catalog of U.S. Non-pictorial Waterfowl Stamps (Record no. 1327)

000 -LEADER
fixed length control field 00391nam a22001337a 4500
003 - CONTROL NUMBER IDENTIFIER
control field OSt
008 - FIXED-LENGTH DATA ELEMENTS--GENERAL INFORMATION
fixed length control field 150420b xxu||||| |||| 00| 0 eng d
041 ## - LANGUAGE CODE
Language code of text/sound track or separate title eng
100 1# - MAIN ENTRY--PERSONAL NAME
Personal name Torre, David R.
245 10 - TITLE STATEMENT
Title 1996 Specialized Catalog of U.S. Non-pictorial Waterfowl Stamps
300 ## - PHYSICAL DESCRIPTION
Extent 0 pages
650 #0 - SUBJECT ADDED ENTRY--TOPICAL TERM
Topical term or geographic name as entry element Catalogs and Price Lists, United States, Topical Collecting, Birds
650 #0 - SUBJECT ADDED ENTRY--TOPICAL TERM
Topical term or geographic name as entry element - Book Review
Holdings
Withdrawn status Lost status Source of classification or shelving scheme Damaged status Not for loan Collection code Permanent Location Current Location Date acquired Total Checkouts Full call number Barcode Date last seen Date last checked out Copy number Price effective from Koha item type
          Richard Drews Northern Philatelic Library Northern Philatelic Library 04/20/2015 1 G3701 .R451 T689 1001587 04/19/2018 04/07/2018 1 06/28/2015 Books

Powered by Koha